| 000 | 01356cam a2200373 a 4500 | ||
|---|---|---|---|
| 001 | 13753317 | ||
| 003 | OSt | ||
| 005 | 20140310182222.0 | ||
| 008 | 041018s2005 nyu j 000 1 eng | ||
| 010 | _a 2004061591 | ||
| 020 | _a97803160016650 | ||
| 040 |
_aDLC _cDLC _dDLC |
||
| 042 | _alcac | ||
| 050 | 0 | 0 |
_aPZ 7 _b.Sh52823Lak 2006 |
| 082 | 0 | 0 |
_aFIC _bSh1c #10 |
| 100 | 1 |
_aShan, Darren. _917437 |
|
| 245 | 1 | 4 |
_aThe lake of souls / _cDarren Shan. |
| 246 | 1 |
_iAt head of title: _aCirque du freak |
|
| 250 | _a1st U.S. ed. | ||
| 260 |
_aNew York : _bLittle, Brown and Co., _cc2006. |
||
| 300 |
_a263 p. ; _c22 cm. |
||
| 490 | 1 |
_aThe saga of Darren Shan ; _vbk. 10 |
|
| 520 | _as. | ||
| 562 | _eFor circulation. 1 copy in the collection. | ||
| 650 | 1 |
_aVampires _vFiction. _917493 |
|
| 650 | 1 |
_aHorror stories. _93825 |
|
| 800 | 1 |
_aShan, Darren. _tSaga of Darren Shan ; _vbk. 10. _917494 |
|
| 856 | 4 | 2 |
_3Contributor biographical information _uhttp://www.loc.gov/catdir/enhancements/fy0742/2004061591-b.html |
| 856 | 4 | 2 |
_3Publisher description _uhttp://www.loc.gov/catdir/enhancements/fy0904/2004061591-d.html |
| 906 |
_a7 _bcbc _corignew _d1 _eocip _f20 _gy-gencatlg |
||
| 942 |
_2lcc _cBK-FIC _kFIC |
||
| 999 |
_c10732 _d10732 |
||